Quizzes
Events
Quiz Creation
Community
Videos
Private Events
Remove Ads
Sign In
Join for FREE
Feedback
Dark Mode
Quiz Categories
Sports
Geography
Music
Movies
Television
Just For Fun
Miscellaneous
History
Literature
Language
Science
Gaming
Entertainment
Religion
Holiday
For Kids
Quiz Lab
Recent
Popular Today
Quiz Kudos Today
Editor Picks
Curator Picks
Quizzes by...
Day
Popularity
Type
Ratings
Length
Year
Community
Subscriptions
Recent Discussions
Orange Saloon
Badges
Playlists
Quests
Create
Leaderboards
Showdown
Live 5
Trivia Bingo
Activity
Puzzle Library
Sporcle Events
Private Events
Virtual Trivia
Globe League
Become a Host
Pub Owners
SporcleCon
Opinionation
Our Games
Videos
Blog
Mobile Apps
Partnerships
Remove Ads and Go Orange
Feedback
Movies
Disney
Marvel Cinematic Universe
Movie Resume
Movie Titles
Oscar
Actor
Actress
Director
Pixar
Role
Movie Quotes
Movie Characters
Box Office
Nominee
Best Picture
Star Wars
James Bond
Horror Movies
Movies
Disney
Marvel Cinematic Universe
Movie Resume
Movie Titles
Oscar
Actor
Actress
Director
Pixar
Role
Movie Quotes
Movie Characters
Box Office
Nominee
Best Picture
Star Wars
James Bond
Horror Movies
Random Quiz
Search Sporcle
×
Quiz Lab
Quiz Lab
Movies
Download
Type in answers that appear in a list
Type in answers that appear in a list
Classic
Best Score? Go Orange.
Most torrented films 2008 - 2012 Stats
Can you name the films that were most torrented for each of the following years?
By
Bakilas
10m
50 Questions
50 Plays
50 Plays
50 Plays
Comments
Comments
Give Quiz Kudos
Give Quiz Kudos
-
- Ratings
hide this ad
Replay
Link that replays current quiz
Next Quiz
Link to next quiz in quiz playlist
You Got
0%
They Got
Avg Score
16%
Avg Friend Score
Upgrade to see
Score Distribution
Jump to the score distribution portion of the page
Score
0/50
Timer
10:00
0
Plays Today
Downloads
Movie
% Correct
2008
The Dark Knight
80%
2010
Avatar
70%
2012
The Dark Knight Rises
70%
2012
The Avengers
66%
2010
Iron Man 2
54%
2010
Inception
50%
2011
Thor
40%
2009
Transformers: Revenge of the Fallen
36%
2009
Twilight
34%
2010
The Hurt Locker
34%
2009
Harry Potter and the Half-Blood Prince
26%
2012
The Twilight Saga Breaking Dawn Part 1
24%
2009
Star Trek
18%
2009
X-Men Origins: Wolverine
18%
2011
Harry Potter and the Deathly Hallows Part 2
18%
2008
The Incredible Hulk
16%
2009
District 9
16%
2011
Fast Five
14%
2008
I Am Legend
12%
2009
The Hangover
12%
2010
Shutter Island
12%
2010
Sherlock Holmes
12%
2011
The Hangover II
12%
2012
Sherlock Holmes: A Game of Shadows
12%
2008
Tropic Thunder
10%
Downloads
Movie
% Correct
2012
Ice Age: Continental Drift
10%
2008
Juno
8%
2011
127 Hours
8%
2012
Mission: Impossible – Ghost Protocol
8%
2011
Source Code
6%
2012
21 Jump Street
6%
2008
National Treasure: Book of Secrets
4%
2008
Forgetting Sarah Marshall
4%
2010
Kick-Ass
4%
2010
Salt
4%
2012
The Girl With the Dragon Tattoo
4%
2012
The Dictator
4%
2008
The Bank Job
2%
2008
Horton Hears a Who!
2%
2011
Sucker Punch
2%
2011
Rango
2%
2012
Project X
2%
2008
You Don’t Mess With The Zohan
0%
2009
RocknRolla
0%
2009
State of Play
0%
2009
Knowing
0%
2010
Clash of the Titans
0%
2010
Green Zone
0%
2011
I Am Number Four
0%
2011
The King’s Speech
0%
Quiz Playlist
Details
Report
Send in Message
Add To Playlist
Classic:
Type in answers that appear in a list
Quiz Source
Last Updated: Feb 16, 2017
Quiz Scoreboard
CHALLENGE
Sign Up to Join the Scoreboard
Show All
Scores
Hide
Comments
May contain spoilers
Recently Published
Presidents Visiting Landmarks
by Hejman
History
7m
An Introduction to Baseball
by treessimontrees
Sports
5m
Movies - When Are They Set?
by FPL_Elf
Movies
5m
More to Explore
Quiz From the Vault
Featured Blog Post
Where Did the Easter Bunny Come From?
hide this ad
You Might Also Like...
Tags
Download
Downloaded
Today's Top Quizzes in Movies
Browse Movies
hide this ad
Today's Top Quizzes in Download
Browse Download
Top Contributed Quizzes in Movies
1
Pick 5 Posters: Directed by Spielberg
2
7-to-1: Pixar Characters
3
Pick 5 Posters: Lowest-Rated Spielberg
4
Pick 5 Posters: Directed by Scorsese
5
Pick 5 Posters: Star & Director
6
Sorting Actors
7
Sorting Actresses
8
12 Movies about Fictional 1960s Events
9
Multi-Oscar Nominations, One Movie, One Winner
10
Pick 5 Posters: Women Directed 2020s
Explore More
Trending Topics
Marvel
Crossword
Kpop
Anime
Disney
NBA
Harry Potter
Soccer
Country
Pokémon
NFL
The Office
WWE
Puzzle
Song
hide this ad
More By:
Bakilas
Quiz
Plays
Rating
Category
Featured
Created
Survivor Arrest Charges
1,461
4.13
Television
Oct 8, 2013
Members of the Suicide Squad
1,411
5.00
Entertainment
Jul 11, 2013
Rotten Tomato's 75 Best Horror Movies
1,181
4.24
Movies
Oct 17, 2013
Movie Deaths by Actor 2
693
4.67
Movies
Sep 9, 2013
WWE Arrest Charges
552
2.33
Sports
Jul 29, 2013
Go to Creator's Profile
Score Distribution
Quiz Creator Spotlight
Bakilas
Follow
Send a Message
Quizzes Created
-
Created Quiz Play Count
-
More By This Creator
Popular Quizzes Today
1
Find the US States - No Outlines Minefield
2
Find the Countries of Europe - No Outlines Minefield
3
The Countries of the World
4
Find the US States
5
Popular People in 1961
6
US States
7
Risky Map Clicking: Biggest States A-Z
8
Movies - When Are They Set?
More Movies Quizzes
BLT Actors & Actresses
Editor's Pick
Trending Quizzes
Risky Map Clicking: Least Populous States A-Z
1-10 Letter G Words
1-10 Letter F Words
Risky Map Clicking: Next State Alphabetically
Risky Map Clicking: Biggest States A-Z
Recently Updated
Leaping Animals
pecheneg
Reality TV Shows (A-Z)
bhenderson79
Rickey Henderson's Hall of Fame Teammates
pecheneg
Champions League XIs: Arsenal
pecheneg
Quick Pick: Celebrities in WWE's Hall of Fame
aduchscher
A-Z Keypad Blitz II
pecheneg
Multiple Oscar Actors
pecheneg
Mystery Phrase Blitz: Oscar 'Best Actors'
pecheneg
F. Scott Fitzgerald Novels
LTH
Pick 3 Villains
ddd62291
Trending Topics
Kpop
Disney
NBA
Harry Potter
Anime
Marvel
Crossword
The Office
Puzzle
Soccer
NFL
Country
Pokémon
Song
WWE
Your Account Isn't Verified!
In order to create a playlist on Sporcle, you need to verify the email address you used during registration. Go to your
Sporcle Settings
to finish the process.
Report this User
Report this user for behavior that violates our
Community Guidelines
.
Details:
Send Report
Go to the Sporcle.com Mobile Site →
Comments